• 首页
  • 本馆介绍
  • 公告通知
  • 最新文献
  • 馆藏检索
  • 电子资源
  • 读者导购
  • 参考咨询
  • 我的图书馆
  • 登录
  • 详细信息显示
  • 放入我的书架
  • 预约/预借图书
  • 作者相关作品
  • 分类相关作品
  • 丛书相关作品
  • 出版社相关作品

书目信息

  • 表格格式
  • 工作单格式
  • 卡片格式
题名:
什么是唯物主义
    
 
作者: 杨献珍 著
分册:  
出版信息: 石家庄   河北人民出版社  1980
页数: 176页
开本: 21cm
丛书名:
单 册:
中图分类: B02 , B0-0
科图分类:
主题词: 马克思主义哲学 , 辩证唯物主义
电子资源:
ISBN:
000 00661nam0 2200253 45
001 0180005687
005 20060813084209.50
010    @dCNY0.56
091    @a2086.88
100    @a19950424d1980 em y0chiy0121 ea
101 0  @achi
102    @aCN@b130000
105    @af z 000yy
200 10 @a什么是唯物主义@Ashen me shi wei wu zhu yi@f杨献珍著
210    @a石家庄@c河北人民出版社@d1980
215    @a176页@c照片@d21cm
606 0  @a马克思主义哲学
606    @a辩证唯物主义
690    @aB02@v3
690    @aB0-0
701  0 @a杨献珍@Ayang xian zhen@4著
801  2 @aCN@bNLC@c20060813
801  0 @aCN@b上海图书馆@c20060812
905    @f1@b93860@dB0-0@e34
    
    什么是唯物主义/杨献珍著.-石家庄:河北人民出版社,1980
    176页:照片;21cm
    
    
    ISBN :CNY0.56
    
●
相关链接 在E读中查询图书 在五车中查询图书 在当当中查询图书 在豆瓣中查询图书


正题名:什么是唯物主义     索取号:B0-0/34         预约/预借

序号 登录号 条形码 馆藏地/架位号 状态 备注
1 0093860   001143104   密集书库/ [索取号:B0-0/34] 在馆    
2 0440290   204402903   密集书库/ [索取号:B0-0/34] 在馆    
3 0458957   204589579   密集书库/ [索取号:B0-0/34] 在馆    
4 0458958   204589588   密集书库/ [索取号:B0-0/34] 在馆    
5 0458959   204589597   密集书库/ [索取号:B0-0/34] 在馆    
6 0458960   204589604   密集书库/ [索取号:B0-0/34] 在馆    
7 0458961   204589613   密集书库/ [索取号:B0-0/34] 在馆    
8 0459090   204590905   密集书库/ [索取号:B0-0/34] 在馆    
9 0459429   204594297   密集书库/ [索取号:B0-0/34] 在馆    
唐山师范学院图书馆 欢迎您!
大连网信软件有限公司© 版权所有